000 00305nam a22001337a 4500
008 170505b xxu||||| |||| 00| 0 eng d
020 _a9780314261731
041 _aeng
080 _a34
100 _a15
101 _aSHJ
245 _aLEADING CASES IN CONSTITUTIONAL LAW
_cCHOPER, J.H
942 _2udc
_cBK
999 _c12747
_d12747